000
00303nam a2200133Ia 4500
003
OSt
005
20240304161308.0
008
170524s9999 xx 000 0 und d
020
_a
978-0070153295
040
_c
iimtu meerut
100
_a
DEVRAJ- A.
245
0
_a
EXECUTIVE COMMUNICATIONS
942
_2
ddc
_c
02
999
_c
9655
_d
9655